Úloha interného auditu v období finančnej krízy
Interný audit je dnes dôležitou súčasťou každej banky. Informácie, ako konkrétne banky postupujú, aby bola funkcia interného auditu naplnená, sú však predmetom bankového tajomstva, sú súčasťou know-how. Príspevok vyzdvihuje úlohu interného auditu v období finančnej krízy vychádzajúc zo záverov renom...
Enregistré dans:
| Auteur principal: | |
|---|---|
| Format: | Chapitre de livre |
| Langue: | slovaque |
| Sujets: | |
| Tags: |
Pas de tags, Soyez le premier à ajouter un tag!
|
MARC
| LEADER | 00000nla a2200000 4500 | ||
|---|---|---|---|
| 001 | 0164471 | ||
| 005 | 20240502072854.2 | ||
| 041 | 0 | |a slo | |
| 044 | |a SK | ||
| 245 | 1 | 0 | |a Úloha interného auditu v období finančnej krízy |c Martina Muchová |
| 520 | |a Interný audit je dnes dôležitou súčasťou každej banky. Informácie, ako konkrétne banky postupujú, aby bola funkcia interného auditu naplnená, sú však predmetom bankového tajomstva, sú súčasťou know-how. Príspevok vyzdvihuje úlohu interného auditu v období finančnej krízy vychádzajúc zo záverov renomovaných finančných inštitúcií, ktoré poukazujú na význam interného auditu na ich vplyv vo vyhľadávaní a signalizovaní možných porúch vo finančnom riadení banky, a to v úzkej spolupráci s regulátorom. | ||
| 610 | 2 | 0 | |a audit interný |
| 610 | 2 | 0 | |a banky |
| 610 | 2 | 0 | |a kontrola vnútorná |
| 610 | 2 | 0 | |a kríza finančná |
| 610 | 2 | 0 | |a know-how |
| 100 | 1 | |a Muchová, Martina, 1973- | |